LDR 01084naa#a2200181#i#450# 001 RU\\bibl\120270 005 20260417004804.5 011 ## _a1819-4036 100 ## _a20210331b2021####ek#y0rusy0150####ca 102 ## _aRU 200 1# _aИСПОЛЬЗОВАНИЕ РЫБНОЙ КОРМОВОЙ ДОБАВКИ И ШЕЛУХИ ШИШЕК СОСНЫ В РАЦИОНАХ РЕМОНТНОГО МОЛОДНЯКА КУР-НЕСУШЕК В УСЛОВИЯХ ПРИМОРСКОГО КРАЯ _eЖурнальная статья 210 1# _aКрасноярск _cКрасноярский государственный аграрный университет _d2021 215 ## _a3 с. 608 ## _aЖурнальная статья _2local 675 ## _aОбщее животноводство. Разведение млекопитающих животных и птиц. Скотоводство. Домашние животные и их разведение. 636 _z 700 #1 _aЦой _gЗоя Владимировна 700 #1 _aВасильева _gНаталья Васильевна 856 4# _avestnik.kgau.ru _u